Multivariate Analysis : Techniques for Educational and Psychological Research /

Spremljeno u:
Bibliografski detalji
Glavni autor: Tatsuoka, Maurice M.
Format: Sách giấy
Jezik:English
Izdano: New York : John Wiley and Sons, 1971
Oznake: Dodaj oznaku
Bez oznaka, Budi prvi tko označuje ovaj zapis!
Thư viện lưu trữ: Thư viện Trường Đại học Đà Lạt
LEADER 00628nam a2200241 4500
001 DLU020000606
005 ##12/23/1998
020 # # |a 0-471-84590-6 
041 # # |a eng 
082 # # |a 519.535  |b TA-M 
100 # # |a Tatsuoka, Maurice M. 
245 # # |a Multivariate Analysis :  |b Techniques for Educational and Psychological Research /  |c Maurice M. Tatsuoka  
260 # # |a New York :  |b John Wiley and Sons,  |c 1971 
300 # # |a X, 310 tr.;  |c 23 cm. 
992 # # |a 6000 
994 # # |a DLU 
900 # # |a False 
911 # # |a Administrator 
925 # # |a G 
926 # # |a A 
927 # # |a SH 
980 # # |a Thư viện Trường Đại học Đà Lạt